000 00457nam a2200133 a 4500
008 120416s9999 ||||||||||||||||| || u
050 _aNA 9031 Spr
100 _aSpreiregen, Paul D
245 1 0 _aUrban design
246 _athe architecture of towns and cities
260 _a[1965]
350 _a0.00
995 _D0.00
_FCBU-MAIN LIBRARY (Kitwe)
_H1
_I37.00
_UAVAILABLE
_ZMain Library Open Access Collection
999 _c60996
_d60996